Some thermal relationships of tropical flowers (Registro nro. 2776)

Detalles MARC
000 -CABECERA
Campo de control 00566nam a2200205 a 4500
005 - FECHA Y HORA DE LA ULTIMA TRANSACCION
Campo de control 20200104041536.0
008 - ELEMENTOS DE LONGITUD FIJA—INFORMACION GENERAL
Campo de control 140306b2001 stk|||||rm||| 00| 0 eng d
040 ## - FUENTE DE CATALOGACIÓN
Agencia catalogadora original CO-BoIAVH
Agencia transcriptora CO-BoIAVH
041 ## - IDIOMA
Código de idioma para texto/pista de sonido o título separado Inglés
090 ## - CLASIFICACIÓN LOCAL
Colección TE
Consecutivo 0130
100 ## - ASIENTO PRINCIPAL--NOMBRE PERSONAL
Nombre personal Patiño, Sandra
9 (RLIN) 17401
245 ## - MENCION DE TITULO
Título Some thermal relationships of tropical flowers
260 ## - PUBLICACION, DISTRIBUCION, ETC. (PIE DE IMPRENTA)
Lugar de publicación, distribución, etc. Edimburgo
Nombre del editor, distribuidor, etc. University of Edinburgh
Fecha de publicación, distribución, etc. 2001
300 ## - DESCRIPCION FISICA
Extensión 158 Paginas
650 ## - ASIENTO SECUNDARIO DE MATERIA - TERMINO TEMATICO
Término temático o nombre geográfico como elemento de entrada Botánica
9 (RLIN) 361
650 ## - ASIENTO SECUNDARIO DE MATERIA - TERMINO TEMATICO
Término temático o nombre geográfico como elemento de entrada Fisiología vegetal
9 (RLIN) 12384
650 ## - ASIENTO SECUNDARIO DE MATERIA - TERMINO TEMATICO
Término temático o nombre geográfico como elemento de entrada Plantas parásitas
9 (RLIN) 17403
662 ## - ASIENTO SECUNDARIO DE MATERIA - JERARQUIA DEL NOMBRE DE LUGAR(
Jurisdicción política intermedia Asia
942 ## - ELEMENTOS ADICIONALES (KOHA)
Tipo de ítem Tesis
Sistema de clasificación Local
Existencias
Withdrawn status Lost status Sistema de Clasificación Damaged status No para préstamo Colección Ubicación Permanente Ubicación actual Fecha de adquisición Total Checkouts Número topográfico Inventario / Código de Barras Date last seen Ejemplar Price effective from Forma de adquisición Tipo de material Public note
    Local     Tesis Bogotá Bogotá 25/06/2002   TE-0130 003259 04/12/2012 Ej. 1 04/12/2012 Donación Tesis Disponible solo para consulta en sala